[Event "European Youth Chess Championship G10"]
[Site "Prague, Top Hotel Prague"]
[Date "2016.08.26"]
[Round "8.1"]
[White "Nadzamova, Viktoria"]
[Black "Zvereva, Margarita"]
[Result "1-0"]
[WhiteElo "1694"]
[BlackElo "1930"]
[PlyCount "63"]
[EventDate "2016.08.18"]

1. e4 c6 2. d4 d5 3. e5 Bf5 4. Nf3 e6 5. Be2 Ne7 6. O-O h6 7. Nh4 Nd7 8. Nxf5
Nxf5 9. g4 Ne7 10. f4 Qb6 11. Kh1 g6 12. c3 O-O-O 13. b4 f5 14. a4 Qc7 15. Na3
fxg4 16. Bxg4 Nf5 17. Be2 Be7 18. b5 c5 19. a5 Qxa5 20. Bd2 Qc7 21. b6 Nxb6 22.
Nb5 Qb8 23. Nxa7+ Kc7 24. Qb3 c4 25. Qb5 Nc8 26. Rfb1 Nxa7 27. Qb6+ Kd7 28.
Rxa7 Ke8 29. Rxb7 Qa8 30. Qxe6 Qc8 31. Qxg6+ Kf8 32. Bh5 1-0

[Event "European Youth Chess Championship G10"]
[Site "Prague, Top Hotel Prague"]
[Date "2016.08.26"]
[Round "8.2"]
[White "Shuqja, Klean"]
[Black "Gaal, Zsoka"]
[Result "0-1"]
[WhiteElo "1513"]
[BlackElo "1792"]
[PlyCount "88"]
[EventDate "2016.08.18"]

1. e4 c6 2. d4 d5 3. e5 g6 4. Ne2 Bg7 5. Ng3 e6 6. Bd3 Ne7 7. O-O O-O 8. Be3 c5
9. c3 Nbc6 10. Qg4 Nf5 11. Bxf5 exf5 12. Qf3 Be6 13. b3 Rc8 14. Nd2 cxd4 15.
cxd4 f6 16. exf6 Qxf6 17. Ne2 Bf7 18. Rfd1 Qd6 19. Nf1 Nb4 20. Bf4 Qb6 21. Rd2
Rc2 22. a3 Rxd2 23. Bxd2 Nc2 24. Ra2 Nxd4 25. Nxd4 Bxd4 26. Rc2 Bf6 27. Bb4 Rd8
28. Qd3 d4 29. Nd2 a5 30. Bc5 Qe6 31. Nf3 Qe4 32. Qxe4 fxe4 33. Nd2 Bd5 34. Bb6
Re8 35. Nf1 Bxb3 36. Rb2 a4 37. Rd2 d3 38. Ne3 Bc3 39. Rd1 Bxd1 40. Nxd1 Bf6
41. Kf1 Rc8 42. Ba5 Be7 43. Bb4 Bxb4 44. axb4 a3 0-1

[Event "European Youth Chess Championship G10"]
[Site "Prague, Top Hotel Prague"]
[Date "2016.08.26"]
[Round "8.5"]
[White "Zabrzanska, Weronika"]
[Black "Mihelic, Vesna"]
[Result "0-1"]
[WhiteElo "1486"]
[BlackElo "1412"]
[PlyCount "154"]
[EventDate "2016.08.18"]

1. e4 e5 2. Nf3 Nc6 3. Bc4 Bc5 4. O-O Nf6 5. d4 Bxd4 6. Nxd4 Nxd4 7. f4 d6 8.
fxe5 dxe5 9. Bg5 Be6 10. Na3 h6 11. Bxf6 gxf6 12. c3 Bxc4 13. Nxc4 Nc6 14.
Qxd8+ Rxd8 15. Rxf6 Ke7 16. Raf1 Rh7 17. Ne3 Rd2 18. Rxh6 Rxh6 19. Nf5+ Ke6 20.
Nxh6 Nd8 21. Rf2 Rd1+ 22. Rf1 Rd2 23. Ng4 Rxb2 24. h4 Re2 25. Rf6+ Ke7 26. Rf5
Rxe4 27. Rxe5+ Rxe5 28. Nxe5 Kf6 29. Nf3 Kf5 30. h5 Ne6 31. Nh2 Kg5 32. g4 f5
33. h6 Kxh6 34. gxf5 Ng7 35. Ng4+ Kg5 36. f6 Ne6 37. Ne3 Kxf6 38. Nd5+ Ke5 39.
Ne3 Nc5 40. Kf1 Ne4 41. Nc4+ Kd5 42. Ne3+ Kc5 43. Nd1 Kc4 44. Ne3+ Kd3 45. Nd5
c6 46. Ne7 Kxc3 47. Nc8 a6 48. Ke1 Kb4 49. Nb6 Ka3 50. Kd1 Kxa2 51. Kc2 Ka3 52.
Kd3 Nd6 53. Nd7 Kb4 54. Ne5 a5 55. Kc2 Kc5 56. Nd3+ Kd4 57. Nb2 b5 58. Kb3 Nc4
59. Nd1 a4+ 60. Ka2 b4 61. Kb1 b3 62. Nf2 a3 63. Nd1 b2 64. Ka2 Nd2 65. Nxb2
axb2 66. Kxb2 Kd3 67. Kc1 c5 68. Kd1 c4 69. Kc1 c3 70. Kd1 c2+ 71. Kc1 Nf3 72.
Kb2 Kd2 73. Ka2 c1=Q 74. Kb3 Qc5 75. Kb2 Qb4+ 76. Ka2 Kc2 77. Ka1 Qb2# 0-1

[Event "European Youth Chess Championship G10"]
[Site "Prague, Top Hotel Prague"]
[Date "2016.08.26"]
[Round "8.6"]
[White "Oz, Irem Ezra"]
[Black "Mikheeva, Galina"]
[Result "1-0"]
[WhiteElo "1403"]
[BlackElo "1477"]
[PlyCount "67"]
[EventDate "2016.08.18"]

1. e4 e5 2. Nf3 Nc6 3. c3 d5 4. Qa4 Qd6 5. Bb5 Bd7 6. exd5 Qxd5 7. d3 Qd6 8.
O-O a6 9. Re1 O-O-O 10. Bc4 Nd4 11. Qd1 Nxf3+ 12. Qxf3 f6 13. Nd2 Bc6 14. Ne4
Qd7 15. Qe3 Qg4 16. Qa7 Kd7 17. f3 Qg6 18. Be3 Qe8 19. Nc5+ Bxc5 20. Qxc5 Qg6
21. Kh1 Kc8 22. d4 exd4 23. Be6+ Kb8 24. Bxd4 Rxd4 25. cxd4 Nh6 26. d5 Bb5 27.
Rac1 c6 28. Qd6+ Ka7 29. dxc6 Bxc6 30. Rxc6 bxc6 31. Qc7+ Ka8 32. Qxc6+ Kb8 33.
Qb6+ Ka8 34. Bd5# 1-0

[Event "European Youth Chess Championship G10"]
[Site "Prague, Top Hotel Prague"]
[Date "2016.08.26"]
[Round "8.7"]
[White "Zavivaeva, Emilia"]
[Black "Puia, Alexia-Teodora"]
[Result "0-1"]
[WhiteElo "1443"]
[BlackElo "1392"]
[PlyCount "98"]
[EventDate "2016.08.18"]

1. e4 c5 2. Nf3 Nc6 3. c3 d5 4. exd5 Qxd5 5. d4 Bf5 6. Be3 cxd4 7. cxd4 e6 8.
Nc3 Qa5 9. Bc4 Bb4 10. Qd2 Nf6 11. Bd3 Bxc3 12. bxc3 Bxd3 13. Qxd3 O-O 14. O-O
Rac8 15. Nd2 Nd5 16. c4 Ncb4 17. Qb3 Nxe3 18. fxe3 Nc6 19. Ne4 Qc7 20. c5 Ne7
21. Nd6 Rb8 22. Rf3 b6 23. Qc2 bxc5 24. dxc5 Nc8 25. Rh3 f5 26. Qc4 Nxd6 27.
Qxe6+ Nf7 28. Qxf5 Nh6 29. Qg5 Rf5 30. Qh4 Qxc5 31. Rg3 Rh5 32. Qe4 Qe5 33.
Qc4+ Nf7 34. Rd1 Rf8 35. Qb3 Rf5 36. Qc4 Kh8 37. Rh3 Nd6 38. Qh4 h6 39. Qb4 Qf6
40. Qe1 Ne4 41. Rc1 Qg6 42. Qe2 Rf2 43. Qxf2 Rxf2 44. Rc8+ Kh7 45. g3 Qg4 46.
Rxh6+ Kxh6 47. Rh8+ Kg6 48. Rh6+ Kxh6 49. h4 Qd1# 0-1

[Event "European Youth Chess Championship G10"]
[Site "Prague, Top Hotel Prague"]
[Date "2016.08.26"]
[Round "8.8"]
[White "Starosta, Martyna"]
[Black "Mamardashvili, Ana"]
[Result "1-0"]
[WhiteElo "1624"]
[BlackElo "1292"]
[PlyCount "135"]
[EventDate "2016.08.18"]

1. f4 d5 2. e3 Nf6 3. Nf3 Bg4 4. Be2 g6 5. O-O Bg7 6. d4 O-O 7. Ne5 Bxe2 8.
Qxe2 Nbd7 9. Nc3 c6 10. b3 Ne8 11. Qg4 Ndf6 12. Qh3 Nd6 13. Ba3 Nf5 14. Rae1
Qc7 15. Kh1 Qa5 16. Bb2 Rad8 17. a4 Ne8 18. Nb1 f6 19. Nf3 Kh8 20. Ba3 Nfd6 21.
Nh4 Kg8 22. Qe6+ Rf7 23. Qh3 Ne4 24. Qf3 N8d6 25. Bxd6 Rxd6 26. Kg1 Rd8 27. g3
Rdf8 28. f5 g5 29. Ng2 Re8 30. h4 Ref8 31. h5 h6 32. Rd1 Re8 33. Ne1 Rc8 34.
Nd3 b6 35. Nf2 Nd6 36. e4 dxe4 37. Nxe4 Nxe4 38. Qxe4 Qd5 39. Qxd5 cxd5 40. Na3
a6 41. Rd2 Rc3 42. Rd3 Rc6 43. Re1 Bf8 44. Re6 Rxe6 45. fxe6 Rg7 46. g4 f5 47.
Rc3 Rh7 48. Kg2 Bg7 49. Rc8+ Bf8 50. Rb8 fxg4 51. Kg3 Kg7 52. Kxg4 Kf6 53. Rxb6
Bg7 54. Rxa6 Rh8 55. c3 Rc8 56. Nb1 Rb8 57. b4 Bh8 58. a5 Kg7 59. Rb6 Rf8 60.
a6 Rf4+ 61. Kg3 Rh4 62. a7 Rxh5 63. a8=Q Rh4 64. Qe8 h5 65. Qxe7+ Kg6 66. Qf7+
Kh6 67. e7+ Bf6 68. Rxf6# 1-0

[Event "European Youth Chess Championship G10"]
[Site "Prague, Top Hotel Prague"]
[Date "2016.08.26"]
[Round "8.9"]
[White "Nguyen, Phuong Thao Vivien"]
[Black "Kecskemeti, Admira Aida"]
[Result "0-1"]
[WhiteElo "1578"]
[BlackElo "1300"]
[PlyCount "70"]
[EventDate "2016.08.18"]

1. Nf3 c6 2. g3 g6 3. Bg2 Bg7 4. O-O d5 5. d3 Nf6 6. Nbd2 O-O 7. e4 Bg4 8. h3
Bxf3 9. Bxf3 e6 10. e5 Nfd7 11. d4 b6 12. h4 c5 13. c3 Nc6 14. Nb1 cxd4 15.
cxd4 f6 16. exf6 Qxf6 17. Bg4 Nxd4 18. Kg2 h5 19. Bg5 Qf7 20. Be3 Nc6 21. Bxe6
Qxe6 22. Re1 Qf7 23. Qd2 d4 24. Bf4 d3 25. Nc3 Rfd8 26. Bc7 Rdc8 27. Bf4 Nb4
28. Re4 Nc2 29. Rc1 Nc5 30. Ree1 Nxe1+ 31. Rxe1 Re8 32. Rd1 Qb7+ 33. f3 Bxc3
34. Qxc3 Re2+ 35. Kh3 Qxf3 0-1

[Event "European Youth Chess Championship G10"]
[Site "Prague, Top Hotel Prague"]
[Date "2016.08.26"]
[Round "8.10"]
[White "Schneider, Anna"]
[Black "Fedoricheva, Ekaterina"]
[Result "1/2-1/2"]
[WhiteElo "1332"]
[BlackElo "1463"]
[PlyCount "162"]
[EventDate "2016.08.18"]

1. e4 e5 2. Nf3 Nc6 3. d4 exd4 4. Bc4 Bc5 5. c3 Nf6 6. cxd4 Bb4+ 7. Bd2 Nxe4 8.
Bxb4 Nxb4 9. Bxf7+ Kxf7 10. Qb3+ d5 11. Qxb4 Re8 12. O-O Ng5 13. Nbd2 Qf6 14.
Qb3 c6 15. Rfe1 Rf8 16. Re3 Kg8 17. Rf1 b6 18. Qa3 Bg4 19. Ne5 Bf5 20. Ndf3 Ne4
21. Qb3 Rfd8 22. Rfe1 c5 23. dxc5 Nxc5 24. Qb5 d4 25. R3e2 a6 26. Qc4+ Be6 27.
Qb4 d3 28. Rd2 Bxa2 29. Re3 a5 30. Qb5 Rd5 31. Ng4 Qd8 32. b4 Nb3 33. Re8+ Qxe8
34. Qxd5+ Kh8 35. Rxa2 d2 36. Nxd2 Rd8 37. Qxb3 Rxd2 38. h3 Qe1+ 39. Kh2 Rd8
40. bxa5 bxa5 41. Rb2 h5 42. Qb6 Qe8 43. Ne3 a4 44. Ra2 Rb8 45. Qd4 Ra8 46. Nf5
Qf7 47. Qe5 Re8 48. Qxg7+ Qxg7 49. Nxg7 Kxg7 50. Rxa4 Kg6 51. Kg3 Rb8 52. Rf4
Kg5 53. h4+ Kg6 54. Re4 Rb3+ 55. Re3 Rb5 56. Re6+ Kf5 57. Rh6 Ke4 58. f3+ Ke3
59. Rg6 Rb2 60. Rg5 Ke2 61. Rxh5 Kf1 62. Kf4 Kxg2 63. Rg5+ Kh3 64. h5 Kh4 65.
Re5 Rb4+ 66. Re4 Rb5 67. h6 Rb7 68. Re6 Rf7+ 69. Ke4 Kg5 70. Ke3 Kf5 71. Rd6
Re7+ 72. Kd4 Kf4 73. Rf6+ Kg5 74. Rc6 Kf4 75. Rc3 Rh7 76. Rc6 Kxf3 77. Ke5 Kg4
78. Ra6 Kh5 79. Kf5 Rf7+ 80. Rf6 Rxf6+ 81. Kxf6 Kxh6 1/2-1/2

[Event "European Youth Chess Championship G10"]
[Site "Prague, Top Hotel Prague"]
[Date "2016.08.26"]
[Round "8.11"]
[White "Veremiuk, Veronika"]
[Black "Strendeva, Viktoria"]
[Result "0-1"]
[WhiteElo "1330"]
[BlackElo "1431"]
[PlyCount "78"]
[EventDate "2016.08.18"]

1. e4 c5 2. Nf3 Nc6 3. Bb5 a6 4. Bxc6 bxc6 5. O-O d5 6. d3 Bg4 7. Bf4 e6 8.
Nbd2 h6 9. Re1 Nf6 10. Nf1 Be7 11. Ng3 Nh5 12. Nxh5 Bxh5 13. h3 O-O 14. c3 Qb6
15. Rb1 Rfe8 16. e5 Bg6 17. Qd2 c4 18. Be3 Qc7 19. Rbd1 Bxd3 20. b4 a5 21. a3
axb4 22. axb4 Ra6 23. Ra1 Rea8 24. Rxa6 Rxa6 25. Qb2 Qb8 26. Ra1 Rxa1+ 27. Qxa1
Be4 28. Nd4 Qb7 29. Qa4 c5 30. Qe8+ Kh7 31. Nc6 Bh4 32. g3 d4 33. Na5 Qd5 34.
Bxh6 Bh1 35. Kf1 Qg2+ 36. Ke1 Qg1+ 37. Ke2 d3+ 38. Ke3 Qe1+ 39. Kf4 Qe4# 0-1

[Event "European Youth Chess Championship G10"]
[Site "Prague, Top Hotel Prague"]
[Date "2016.08.26"]
[Round "8.12"]
[White "Poliato, Irina"]
[Black "Ray, Hiya"]
[Result "1-0"]
[WhiteElo "1280"]
[BlackElo "1391"]
[PlyCount "67"]
[EventDate "2016.08.18"]

1. d4 Nf6 2. c4 g6 3. Nc3 Bg7 4. Nf3 O-O 5. e4 d6 6. Be2 Nbd7 7. O-O e5 8. d5
Nc5 9. Bg5 Qe8 10. Bxf6 Bxf6 11. b4 Na6 12. a3 Bg7 13. Nd2 f5 14. f3 f4 15. Nb3
b6 16. Qe1 g5 17. Qf2 c5 18. dxc6 Qf7 19. Nd5 Nc7 20. Nxc7 Qxc7 21. b5 h5 22.
Nc1 Rf6 23. Na2 Be6 24. Nb4 Qf7 25. Nd5 Rh6 26. a4 g4 27. a5 Bxd5 28. cxd5 Rb8
29. axb6 Rxb6 30. Rfc1 Qc7 31. Rxa7 g3 32. Rxc7 gxf2+ 33. Kxf2 Rh8 34. Rc8+ 1-0

[Event "European Youth Chess Championship G10"]
[Site "Prague, Top Hotel Prague"]
[Date "2016.08.26"]
[Round "8.13"]
[White "Trgovac, Marta"]
[Black "Ivanova, Dilyana"]
[Result "0-1"]
[WhiteElo "1277"]
[BlackElo "1382"]
[PlyCount "62"]
[EventDate "2016.08.18"]

1. c4 c5 2. Nf3 Nf6 3. Nc3 d5 4. cxd5 Nxd5 5. g3 Nc6 6. Bg2 Nc7 7. O-O e5 8. d3
Be7 9. b3 O-O 10. Bb2 Ne6 11. Ne4 f5 12. Ned2 Bf6 13. Nc4 Qc7 14. Ne3 Ned4 15.
Nd5 Qf7 16. Nxd4 cxd4 17. f4 Be6 18. fxe5 Bxe5 19. Nf4 Bxf4 20. Rxf4 Rad8 21.
Bxc6 bxc6 22. Bxd4 g5 23. Bc5 gxf4 24. Bxf8 Rxf8 25. gxf4 Qg7+ 26. Kf2 Qd4+ 27.
e3 Qb2+ 28. Kg3 Kh8 29. Qe1 Rg8+ 30. Kh3 Qg2+ 31. Kh4 Qg4# 0-1

[Event "European Youth Chess Championship G10"]
[Site "Prague, Top Hotel Prague"]
[Date "2016.08.26"]
[Round "8.14"]
[White "Bialek, Alicja"]
[Black "Rejniak, Zuzanna"]
[Result "0-1"]
[WhiteElo "1182"]
[BlackElo "1381"]
[PlyCount "96"]
[EventDate "2016.08.18"]

1. e4 c5 2. Nf3 e6 3. d4 cxd4 4. Nxd4 Nc6 5. Nc3 a6 6. Nxc6 bxc6 7. Bd3 d5 8.
O-O Nf6 9. Qe2 Be7 10. b3 O-O 11. Bb2 Bb7 12. Na4 Qc7 13. Rfd1 Rfd8 14. c4 a5
15. exd5 cxd5 16. Rac1 d4 17. Bxd4 Qf4 18. Be3 Qh4 19. Nb6 Ng4 20. h3 Nxe3 21.
Qxe3 Bg5 22. Qg3 Qxg3 23. fxg3 Be3+ 24. Kf1 Bxb6 25. c5 Bc7 26. Kf2 Bc6 27. a3
Rab8 28. Rb1 h6 29. b4 Ba4 30. Rd2 axb4 31. axb4 Bb5 32. Rbd1 Bxd3 33. Rxd3
Rxd3 34. Rxd3 Rxb4 35. Rd7 Rb7 36. c6 Bb6+ 37. Kf3 Rxd7 38. cxd7 Kf8 39. Ke4
Ke7 40. g4 Kxd7 41. Kf3 g5 42. g3 Bd8 43. Ke4 Bf6 44. Kd3 Kd6 45. Ke4 Be7 46.
Kd4 f5 47. gxf5 exf5 48. Ke3 g4 0-1

[Event "European Youth Chess Championship G10"]
[Site "Prague, Top Hotel Prague"]
[Date "2016.08.26"]
[Round "8.15"]
[White "Cherepanova, Evita"]
[Black "Donchenko, Ekaterina"]
[Result "0-1"]
[WhiteElo "1675"]
[BlackElo "1362"]
[PlyCount "74"]
[EventDate "2016.08.18"]

1. d4 Nf6 2. Nf3 g6 3. Bf4 Bg7 4. e3 O-O 5. Be2 d6 6. h3 Nbd7 7. O-O Qe8 8. c4
e5 9. Bh2 Ne4 10. Nbd2 Nxd2 11. Qxd2 e4 12. Ne1 Qe7 13. Nc2 f5 14. Rab1 Nf6 15.
b4 Bd7 16. b5 Rab8 17. Qa5 Be6 18. a4 h6 19. Qb4 Nd7 20. a5 g5 21. Qd2 g4 22.
d5 Bf7 23. hxg4 fxg4 24. Bxg4 Ne5 25. Bxe5 Bxe5 26. g3 Qg5 27. Bh3 Bh5 28. Nd4
Bxd4 29. Qxd4 Bf3 30. Bg2 Rbe8 31. b6 cxb6 32. axb6 a6 33. Rfc1 h5 34. Rb2 h4
35. Kh2 Re7 36. Bxf3 Rxf3 37. gxh4 Qg4 0-1

[Event "European Youth Chess Championship G10"]
[Site "Prague, Top Hotel Prague"]
[Date "2016.08.26"]
[Round "8.16"]
[White "Lomakina, Anzhelika"]
[Black "Kanteraki, Maria-Myrto"]
[Result "1-0"]
[WhiteElo "1654"]
[BlackElo "1368"]
[PlyCount "61"]
[EventDate "2016.08.18"]

1. e4 d5 2. exd5 Qxd5 3. Nc3 Qd6 4. d4 a6 5. Nge2 Nc6 6. Bf4 e5 7. dxe5 Nxe5 8.
Ne4 Qb4+ 9. N2c3 Bf5 10. Qd5 Ne7 11. Qxe5 Bxe4 12. O-O-O Bc6 13. a3 f6 14. Qxc7
Qc5 15. Ne4 Bxe4 16. Qxc5 Rc8 17. Qxc8+ Nxc8 18. Re1 f5 19. f3 Bd6 20. Bd2 O-O
21. Bc4+ Kh8 22. fxe4 Nb6 23. Bb3 fxe4 24. Rxe4 h6 25. Rhe1 Bxh2 26. Re8 Rxe8
27. Rxe8+ Kh7 28. Bg8+ Kh8 29. Bd5+ Kh7 30. Be4+ g6 31. Bc3 1-0

[Event "European Youth Chess Championship G10"]
[Site "Prague, Top Hotel Prague"]
[Date "2016.08.26"]
[Round "8.17"]
[White "Dubovik, Maria"]
[Black "Karacsonyi, Kata"]
[Result "0-1"]
[WhiteElo "1274"]
[BlackElo "1544"]
[PlyCount "142"]
[EventDate "2016.08.18"]

1. d4 Nf6 2. c4 e6 3. Nc3 d5 4. Nf3 Nbd7 5. Bg5 c6 6. Rc1 Qa5 7. a3 dxc4 8. e3
Ne4 9. Bf4 Nxc3 10. Rxc3 Bxa3 11. Nd2 Bxb2 12. Rxc4 Bc3 13. e4 Nf6 14. Bd3
Bxd2+ 15. Bxd2 Qh5 16. Qc2 O-O 17. O-O e5 18. Bb4 Re8 19. Be2 Qh4 20. dxe5 Rxe5
21. Rd4 Bg4 22. Rfd1 Rae8 23. Be1 Rh5 24. h3 Bxe2 25. Qxe2 h6 26. f3 Qg5 27. g4
Rxh3 28. Qf1 Qe3+ 29. Kg2 Rh5 30. gxh5 Nxh5 31. Kh1 Re5 32. Rd8+ Kh7 33. Qh3
Nf4 34. Bd2 Qxd2 35. R1xd2 Nxh3 36. R2d7 Rb5 37. Rxf7 Ng5 38. Rf4 Ne6 39. Rff8
Nxf8 40. Rxf8 Rb1+ 41. Kg2 b5 42. e5 b4 43. e6 Re1 44. Rb8 Rxe6 45. Rxb4 c5 46.
Rc4 Rc6 47. Kf2 a5 48. Ke2 Kg6 49. f4 Kf5 50. Kf3 h5 51. Kg3 g6 52. Ra4 c4 53.
Rxa5+ Kf6 54. Ra2 c3 55. Rc2 Kf5 56. Kf3 Rc4 57. Kg3 Rc5 58. Kf3 h4 59. Kg2
Kxf4 60. Rf2+ Kg4 61. Rc2 h3+ 62. Kh2 Kh4 63. Kg1 Kg3 64. Kh1 g5 65. Kg1 g4 66.
Kh1 Kf3 67. Kg1 g3 68. Kf1 h2 69. Rxc3+ Rxc3 70. Ke1 Rd3 71. Kf1 h1=R# 0-1

[Event "European Youth Chess Championship G10"]
[Site "Prague, Top Hotel Prague"]
[Date "2016.08.26"]
[Round "8.18"]
[White "Karaivanova, Petya"]
[Black "Kucharska, Helena"]
[Result "1-0"]
[WhiteElo "1534"]
[BlackElo "1206"]
[PlyCount "71"]
[EventDate "2016.08.18"]

1. e4 e6 2. d4 d5 3. Nc3 Nf6 4. exd5 exd5 5. Nf3 Bb4 6. Bd3 O-O 7. O-O Nc6 8.
Bg5 Bg4 9. Bxf6 Qxf6 10. Nxd5 Qd6 11. Nxb4 Qxb4 12. Bxh7+ Kxh7 13. Ng5+ Kg8 14.
Qxg4 Qxb2 15. Rab1 Qxa2 16. Qf5 g6 17. Qh3 Kg7 18. Qh7+ Kf6 19. Ne4+ Ke7 20.
Qh4+ Ke8 21. Nf6+ Ke7 22. Rfe1+ Kd8 23. Nd5+ Kd7 24. Nf6+ Kd8 25. Nh7+ Kd7 26.
Nxf8+ Rxf8 27. Qg4+ Kd8 28. d5 Ne7 29. Rxb7 f5 30. Qb4 Rf7 31. Rb8+ Kd7 32.
Qb5+ c6 33. dxc6+ Kd6 34. Rd8+ Kc7 35. Rd7+ Kc8 36. Qb7# 1-0

[Event "European Youth Chess Championship G10"]
[Site "Prague, Top Hotel Prague"]
[Date "2016.08.26"]
[Round "8.19"]
[White "Portero, Bravo Aitana"]
[Black "Gasparyan, Milena"]
[Result "1-0"]
[WhiteElo "1228"]
[BlackElo "1459"]
[PlyCount "99"]
[EventDate "2016.08.18"]

1. e4 c5 2. Nf3 e6 3. g3 d6 4. Bg2 Be7 5. O-O Nf6 6. Re1 Nc6 7. d4 cxd4 8. Nxd4
Nxd4 9. Qxd4 O-O 10. Be3 Ng4 11. Nc3 Nxe3 12. Qxe3 b6 13. e5 d5 14. Rad1 Bb7
15. a4 Qc8 16. Bh3 Qc7 17. Re2 a6 18. Rd3 Bc5 19. Qc1 d4 20. Ne4 Qxe5 21. Bg2
Qc7 22. c3 dxc3 23. Rxc3 Qe7 24. Nxc5 bxc5 25. Bxb7 Qxb7 26. Rxc5 Qb4 27. Rc4
Qe7 28. Rec2 Qd7 29. b3 Rab8 30. R2c3 h6 31. Rc7 Qd5 32. Rc8 Rxb3 33. Rxf8+
Kxf8 34. Rxb3 Qxb3 35. Qc8+ Ke7 36. Qxa6 Qd1+ 37. Kg2 Qd5+ 38. f3 Qd6 39. Qxd6+
Kxd6 40. Kf2 Kc5 41. Ke3 Kb4 42. Kd4 Kxa4 43. Kc5 Kb3 44. Kd6 Kc4 45. Ke7 f6
46. Kxe6 Kd4 47. Kf7 Ke3 48. f4 g5 49. fxg5 fxg5 50. Kg6 1-0

[Event "European Youth Chess Championship G10"]
[Site "Prague, Top Hotel Prague"]
[Date "2016.08.26"]
[Round "8.20"]
[White "Volovich, Julia"]
[Black "Kowalczyk, Barbara"]
[Result "1-0"]
[WhiteElo "1435"]
[BlackElo "1100"]
[PlyCount "153"]
[EventDate "2016.08.18"]

1. d4 d5 2. c4 e6 3. Nc3 f5 4. Nf3 Nf6 5. Bg5 c6 6. e3 Bd6 7. Bd3 O-O 8. Qc2 h6
9. Bxf6 Qxf6 10. cxd5 exd5 11. O-O Be6 12. Qb3 b5 13. Rac1 a5 14. a3 Nd7 15.
Ne2 Rac8 16. Rc2 Rc7 17. Rfc1 Rfc8 18. Qc3 b4 19. axb4 Bxb4 20. Qb3 c5 21. dxc5
Nxc5 22. Qa2 Qe7 23. Qb1 Qd6 24. Nfd4 Qb6 25. Bxf5 Bxf5 26. Nxf5 Rf8 27. Nfd4
Qf6 28. Nf4 Rd7 29. Rxc5 Bxc5 30. Rxc5 a4 31. Qa2 Kh8 32. Qxa4 Re7 33. Qc6 Qxf4
34. Nf3 Qb4 35. Qb5 Qe4 36. Rxd5 Qb1+ 37. Qf1 Qxb2 38. Rb5 Qf6 39. Nd4 Rxe3 40.
Rf5 Qxf5 41. Nxf5 Rxf5 42. fxe3 Rxf1+ 43. Kxf1 Kg8 44. Ke2 Kf7 45. Kf3 Kf6 46.
Kf4 g6 47. g4 Ke6 48. Ke4 Kd6 49. Kd4 Ke6 50. e4 Kd6 51. e5+ Ke6 52. Ke4 h5 53.
g5 Ke7 54. Kd5 Kd7 55. e6+ Ke7 56. Ke5 h4 57. h3 Ke8 58. Kf6 Kf8 59. Kxg6 Ke7
60. Kf5 Kf8 61. Kf6 Ke8 62. e7 Kd7 63. Kf7 Kd6 64. e8=Q Kd5 65. Qe6+ Kd4 66.
Kf6 Kd3 67. Qe5 Kc4 68. Qd6 Kc3 69. Qd5 Kc2 70. Qf3 Kd2 71. Ke5 Kc2 72. Qe3 Kb2
73. Qd3 Ka2 74. Qb5 Ka3 75. Kd4 Ka2 76. Kc3 Ka1 77. Qb2# 1-0

[Event "European Youth Chess Championship G10"]
[Site "Prague, Top Hotel Prague"]
[Date "2016.08.26"]
[Round "8.21"]
[White "Denic, Hana"]
[Black "Cornileau, Juliette"]
[Result "1-0"]
[WhiteElo "1412"]
[BlackElo "1317"]
[PlyCount "165"]
[EventDate "2016.08.18"]

1. e4 e5 2. Nf3 Nf6 3. d3 Nc6 4. Nc3 Be7 5. Be3 d6 6. Qd2 Be6 7. d4 exd4 8.
Nxd4 Nxd4 9. Bxd4 c6 10. f3 Qc7 11. O-O-O O-O-O 12. Qe3 c5 13. Bxf6 Bxf6 14.
Nb5 Qb6 15. a3 Kb8 16. Be2 Rhe8 17. Rd2 a6 18. Nc3 Bd4 19. Qd3 Bf2 20. Nd1 Bd4
21. f4 Bf6 22. g4 d5 23. Qg3 Ka8 24. e5 Be7 25. Bf3 d4 26. Bg2 h6 27. h3 g5 28.
Rf1 gxf4 29. Qf2 Bd5 30. Bxd5 Rxd5 31. c3 Rdd8 32. Rd3 dxc3 33. Rxc3 Rc8 34.
Kb1 Qg6+ 35. Ka1 Qe6 36. Qxf4 Bg5 37. Qxf7 Qxe5 38. Rb3 Qc7 39. Qf3 Qc6 40. Qg3
Rcd8 41. h4 Be7 42. Ne3 Bd6 43. Qh3 Qd7 44. Nf5 Bf8 45. Ne3 Qe6 46. Nf5 Qg6 47.
h5 Qg5 48. Qf3 Rd7 49. Ne3 Qg8 50. Nf5 Qf7 51. Qh3 Qe6 52. Qf3 Qd5 53. Qxd5
Rxd5 54. Re3 Rxe3 55. Nxe3 Rd8 56. Nd5 Kb8 57. Nb6 Kc7 58. Nd5+ Kc6 59. Nf4 Re8
60. Ng6 Bg7 61. Rf7 Bd4 62. Ne7+ Kb5 63. Ka2 b6 64. Nf5 Rh8 65. Nxd4+ cxd4 66.
b3 Kc5 67. Kb2 b5 68. Kc2 Rd8 69. Kd3 a5 70. Rf6 Rd6 71. Rxd6 Kxd6 72. Kxd4 b4
73. axb4 axb4 74. Kc4 Kc6 75. Kxb4 Kb6 76. Kc4 Kc6 77. b4 Kd6 78. b5 Kc7 79.
Kc5 Kc8 80. Kc6 Kb8 81. Kb6 Ka8 82. Kc7 Ka7 83. b6+ 1-0

[Event "European Youth Chess Championship G10"]
[Site "Prague, Top Hotel Prague"]
[Date "2016.08.26"]
[Round "8.22"]
[White "Markus, Molli Amina"]
[Black "Tsirekidze, Barbare"]
[Result "1-0"]
[WhiteElo "1324"]
[BlackElo "1382"]
[PlyCount "147"]
[EventDate "2016.08.18"]

1. d4 b6 2. c4 Bb7 3. Nc3 e6 4. Nf3 d6 5. Bf4 a6 6. e4 Nd7 7. Be2 g6 8. O-O Bg7
9. Rc1 Ne7 10. Bd3 O-O 11. Re1 Nc6 12. Bb1 e5 13. dxe5 Ncxe5 14. Nxe5 Nxe5 15.
Ne2 Nc6 16. Qd2 Qf6 17. b4 Qb2 18. Qxb2 Bxb2 19. Rc2 Be5 20. Bxe5 Nxe5 21. Rc3
Rfe8 22. Ng3 Nd7 23. Kf1 a5 24. b5 Nc5 25. Rce3 Rad8 26. f3 Kg7 27. Nh1 Re7 28.
Nf2 Rde8 29. R3e2 Na4 30. Nd1 Kf6 31. Bc2 Nc5 32. Nc3 Ba8 33. Nd5+ Bxd5 34.
exd5 Rxe2 35. Rxe2 Rxe2 36. Kxe2 Ke5 37. Ke3 h6 38. h3 g5 39. g3 f5 40. f4+ Kf6
41. fxg5+ hxg5 42. h4 Kg6 43. Kf3 Kh5 44. Bd1 Kg6 45. Bc2 Kh5 46. Bxf5 gxh4 47.
Bg4+ Kg5 48. gxh4+ Kxh4 49. Kf4 Ne4 50. Bd1 Nc3 51. Bb3 a4 52. Kf5 axb3 53.
axb3 Nb1 54. Ke6 Nd2 55. Kd7 Nxb3 56. Kxc7 Nd2 57. Kxd6 Nxc4+ 58. Kc7 Na3 59.
Kxb6 Nxb5 60. Kxb5 Kg5 61. Kc6 Kf6 62. Kc7 Ke7 63. d6+ Ke8 64. d7+ Ke7 65.
d8=Q+ Ke6 66. Qg5 Kf7 67. Qh6 Kg8 68. Qg6+ Kh8 69. Qf6+ Kg8 70. Qe7 Kh8 71. Kd6
Kg8 72. Ke6 Kh8 73. Kf6 Kg8 74. Qg7# 1-0

[Event "European Youth Chess Championship G10"]
[Site "Prague, Top Hotel Prague"]
[Date "2016.08.26"]
[Round "8.23"]
[White "Birkisdottir, Freyja"]
[Black "Aydin, Gulenay"]
[Result "0-1"]
[WhiteElo "1176"]
[BlackElo "1373"]
[PlyCount "120"]
[EventDate "2016.08.18"]

1. e4 c5 2. Nf3 d6 3. d4 cxd4 4. Nxd4 Nf6 5. Nc3 g6 6. g3 Bg7 7. Bg2 O-O 8. O-O
Nc6 9. Nde2 Bd7 10. h3 Rc8 11. Be3 a6 12. Qd2 Ne5 13. b3 Bxh3 14. f4 Bxg2 15.
Kxg2 Ned7 16. Rad1 Qc7 17. Rc1 Nc5 18. Nd5 Ncxe4 19. Qd3 Nxd5 20. Qxe4 Qc6 21.
Rf3 Nxe3+ 22. Qxe3 Rc7 23. c4 Qc5 24. Nc3 Qxe3 25. Rxe3 Bxc3 26. Rcxc3 Rfc8 27.
Rcd3 Rd8 28. Kf3 h5 29. Re4 Kg7 30. b4 Rdc8 31. Rc3 d5 32. Rd4 dxc4 33. Ke4 b5
34. Kf3 Re8 35. Ke4 Kf6 36. a3 Rc6 37. Kd5 Rd6+ 38. Ke4 Rxd4+ 39. Kxd4 Rd8+ 40.
Ke4 Ke6 41. a4 Rd3 42. Rxd3 cxd3 43. Kxd3 bxa4 44. Kc2 Kf5 45. Kb2 Kg4 46. Ka3
Kxg3 47. Kxa4 h4 48. Ka5 h3 49. Kxa6 h2 50. b5 h1=Q 51. b6 Qa8+ 52. Kb5 Kxf4
53. Kc5 g5 54. Kd4 g4 55. Kd3 Kf3 56. Kd2 Qa2+ 57. Kd3 g3 58. Kd4 g2 59. Ke5
g1=Q 60. Kf5 Qd5# 0-1